Arbeitsgesetze

Saved in:
Bibliografiske detaljer
Format: Bog
Sprog:tysk
Udgivet: Múnich Deutscher Taschenbuch 1998
Udgivelse:1a. ed
Serier:Beck-Texte im dtv
Fag:
Tags: Tilføj Tag
Ingen Tags, Vær først til at tagge denne postø!

MARC

LEADER 00000nam a2200000 a 4500
001 UCL7014
003 CL-VaPUC
008 040423e19980000GW |||||||||||||||||ger|d
020 |a 3423050063 
082 0 4 |a 344.43  |b ARB  |2 21 
245 1 0 |a Arbeitsgesetze 
250 |a 1a. ed 
300 |a 699 p 
942 |c BK 
945 |d 20040423 00:00:00  |a cmena 
260 |a Múnich  |b Deutscher Taschenbuch  |c 1998 
650 0 |a Código del trabajo  |9 255479 
651 0 |a Alemania  |9 255688 
583 |a last modification  |c 20040423 00:00:00  |k Rodrigo Vera 
490 0 |a Beck-Texte im dtv 
999 |c 308884  |d 308882 
952 |0 0  |1 0  |4 0  |6 344_430000000000000_ARB_1998  |7 0  |8 A  |9 375813  |a BIBDER  |b BIBDER  |d 2019-11-21  |i 3958876  |o 344.43 ARB 1998  |p 3958876  |r 2023-01-25  |w 2019-11-21  |y BK  |k DER